| 000 | 00668nam a22002537a 4500 | ||
|---|---|---|---|
| 005 | 20260217161617.0 | ||
| 008 | 160118b2012 xxu||||| |||| 00| | spa d | ||
| 020 | _a9788497840408 | ||
| 041 | _aESP | ||
| 082 | _a364 G233c | ||
| 100 |
_aGarland, David _91383 |
||
| 245 | _aLa cultura del control: crimen y orden social en la sociedad contemporánea | ||
| 260 | _aEspaña | ||
| 260 | _bGedisa | ||
| 260 | _c2012 | ||
| 300 | _a462 páginas | ||
| 490 | _aInvestigación Criminal | ||
| 650 | _aCRIMINOLOGÍA | ||
| 650 | _aSOCIOLOGÍA CRIMINAL | ||
| 650 | _aJUSTICIA PENAL | ||
| 650 | _aCONTROL DEL DELITO | ||
| 650 | _aDISCURSO POLITICO | ||
| 942 |
_cBK _2ddc |
||
| 999 |
_c7408 _d7408 |
||